| 000 | 00422 a2200157 4500 | ||
|---|---|---|---|
| 999 |
_c471 _d471 |
||
| 020 | _a0340814659 | ||
| 050 | _aBS2581 WIL 2005 | ||
| 100 |
_aWilcockson, Michael _eAuthor |
||
| 245 |
_aSt Mark's gospel / _cMichael Wilcockson |
||
| 264 |
_aLondon: _bHodder Murray, _c2005 |
||
| 300 |
_avi, 122p. _bill. (Col.) |
||
| 440 | _aAn approach | ||
| 500 | _aIncludes index | ||
| 650 |
_aBible _xMark |
||
| 942 |
_2lcc _cBK _h2581 _iWIL _k2005 |
||